| 000 | 00356nam a2200133Ia 4500 | ||
|---|---|---|---|
| 008 | 210210b1983 xxu||||| |||| 00| 0 eng d | ||
| 082 | _aS891.4 RAMR | ||
| 100 | _aRANGACHAR (Em I). | ||
| 245 | _aShri Ramayana vicharalahari. | ||
| 260 |
_aShivamogga _bDipa Prakasha Sahitya _c1983 |
||
| 300 | _a150 | ||
| 690 | _aSanskrit Prose & Champu | ||
| 906 | _aSG02474 | ||
| 999 |
_c113560 _d113560 |
||